000 00526nam a2200169 4500
001 132229
003 ES-MaACL
005 20230906194131.0
007 t|
008 070214s1946 sp r ||||1| spa d
100 1 _aRojo del Pozo, Agustín.
_999104
245 1 4 _aLos sacramentos y su liturgia
_b: explicación histórica, teológica y mística /
_cAgustín Rojo del Pozo.
250 _a2ª. ed.
260 _aMadrid :
_bLuz,
_c1946.
300 _a488 p., 9 lám. :
_bil. ;
_c16 cm.
852 _aES-MaACL
_jF-5373
_bR.22960
999 _c132229
_d132229